BIBLIOTHÈQUE DE LA MAISON DU MEXIQUE

Logo 1 Logo 2

Teotihuacán (notice nᵒ 1580)

détails MARC
000 -Sello discográfico
campo de control de longitud fija 00911nam a2200289 4500
005 - Identificación de versión
campo de control 20251016083026.0
010 ## - Número Estándar Internacional de Libros (ISBN)
Número (ISBN) 968-840-571-X
035 ## - Otros números de control del sistema
Número de control del sistema 19260
099 ## - fechas locales
Tipo de ítem Koha LIBRO
100 ## - Datos de procesamiento general
Datos de procesamiento general 19970423d1989 m y1spay5003 ba
105 ## - Campo de datos codificados: Material textual, monográfico
Datos codificados de monografía a 001zy
200 1# - Título y mención de responsabilidad
Título propio Teotihuacán
Designación general del material texto impreso
Otra información del título una interpretación estética
Primer mención de responsabilidad Mariano Benito Araluce
205 ## - Declaración de edición
Declaración de edición 1a ed
210 ## - Publicación, distribución, etc.
Lugar de publicación, distribución, etc. México
Nombre del editor, distribuidor, etc. Universidad Autónoma Metropolitana, Unidad Xochimilco
Fecha de publicación, distribución, etc. 1989
215 ## - Descripción física
Designación de material específico y extensión del ítem 94 p
Otras características físicas il.
Dimensiones 21 cm
345 ## - Nota de información de adquisición
Fuente de adquisición/dirección de la suscripción [OBSOLETO] Donación
607 ## - Nombre geográfico utilizado como tema
Elemento de entrada Teotihuacán, (Estado de México, México : Sitio arqueológico)
Subdivisión temática Descripción
Número Koha 23
660 ## - Código de área geográfica
Código MX
700 ## - Nombre personal - Responsabilidad primaria
Elemento de entrada Benito Araluce
Parte del nombre distinta del elemento de entrada Mariano
Fechas 1928-2000
Número Koha 3986
801 #0 - Fuente de origen
Agencia cm
900 ## -
-- 1/13808
900 ## -
-- 710973284\\230497
942 ## - ELEMENTOS DE ENTRADA SECUNDARIOS (KOHA)
Tipo de ítem Koha Livre
996 ## -
-- MEX
-- 751145101
-- MMAG
-- 012825
-- 913.72 B467T
-- 20250401LIV
Exemplaires
Estatus retirado Estado de daño Estado de pérdida Fecha de adquisición Biblioteca de origen Biblioteca actual Ubicación en estantería Código de barras Precio de reemplazo Signatura topográfica completa No para préstamo Tipo de ítem Koha Nota pública Nota no pública
      05/08/2025 Casa México Paris Casa México Paris   012825 05/08/2025 913.72 B467T   Livre 20250401LIV 751145101